Festschrift fur Walter Oppenhoff zum 80. Geburtstag

Αποθηκεύτηκε σε:
Λεπτομέρειες βιβλιογραφικής εγγραφής
Κύριος συγγραφέας: Westermann, Harm Peter
Μορφή: Βιβλίο
Γλώσσα:German
Δημοσίευση: Munchen : Beck, 1985
Θέματα:
Ετικέτες: Προσθήκη ετικέτας
Δεν υπάρχουν, Καταχωρήστε ετικέτα πρώτοι!

MARC

LEADER 00000cam a2200000 i 4500
001 1/36459
008 061029s1985 ger d
035 |l 10085826 
040 |a GR-MY-UA  |b gre  |e aacr 
041 0 |a ger 
082 0 |a 346.07  |2 (22) 
100 1 |a Westermann, Harm Peter. 
245 1 0 |a Festschrift fur Walter Oppenhoff zum 80. Geburtstag /  |c Harm Peter Westermann 
260 |a Munchen :   |b Beck,   |c 1985 
300 |a 535-554 σ.;  |c 23 εκ. 
504 |a Περιλαμβάνει βιβλιογραφικές παραπομπές 
600 1 0 |a Oppenhoff, Walter,   |d 1905-2001. 
650 0 0 |a Commercial law  |z Germany (West) 
650 0 0 |a Intellectual property  |z Germany (West) 
852 |a INST  |b CHIOS  |e 20061029  |h 346.07 WES  |p 005200026878  |q 005200026878  |t BK  |y 0 
901 |a BIBL2-2006-3 
909 |a Χ  |b 120316 
970 |a ΒΑΣΙΛΑΚΗ  |b ΝΙΚΗ  |z 2006/10/29